| 000 | 00524nam a22001697a 4500 | ||
|---|---|---|---|
| 005 | 20231102142737.0 | ||
| 008 | 231102b |||||||| |||| 00| 0 eng d | ||
| 020 | _a0409041386 | ||
| 041 | _aEnglish | ||
| 082 | _a346.6 HEN | ||
| 100 |
_aMeskin, PM _lEnglish |
||
| 245 |
_aHenochsberg on the Close Corporations Act / _cPM Meskin |
||
| 260 |
_aDurban : _bButterworth Publishers (Pty) Ltd, _c1997 |
||
| 300 |
_bxv, 249 pages ; _c26 cm. |
||
| 650 |
_aLegal practice _bLaw |
||
| 942 |
_cBK _6ALISON_BN_VRIES |
||
| 999 |
_c264 _d264 |
||